000 00524nam a2200193Ia 4500
003 GCL
008 140319s9999 xx 000 0 ara d
040 _aGCL /
_cGCL
082 0 4 _a796.51
_bر ق
100 1 _aريفز، ستيف
245 1 0 _aقوة المشى /
_cريفز، ستيف
700 1 _aبترسون، جيمس
260 _a[S.N] :
_bدار العلوم العربية ،
_c1993
300 _a208 ص
490 _a
650 0 4 _aالرياضة البدنية
650 0 4 _aالمشى
942 _2ddc
_cBK
999 _c54898
_d54898